| 000 | 00393 a2200145 4500 | ||
|---|---|---|---|
| 999 |
_c301365 _d301365 |
||
| 001 | 66292 | ||
| 003 | NUST | ||
| 005 | 20180119121511.0 | ||
| 008 | 180119b xxu||||| |||| 00| 0 eng d | ||
| 020 | _a9799695032083 | ||
| 082 | _a954.02519 ABD | ||
| 100 |
_aAbdul Aziz _99076 |
||
| 245 |
_aThe Mughal Court and its Institutions ( Vol-1I) _cAbdul Aziz _hEnglish |
||
| 260 |
_aUrdu Bazar Lahore _bAl-Faisal _c2002 |
||
| 300 | _c14x22cm | ||
| 505 | _rAbdul Aziz | ||
| 942 |
_aNUST-CAE _cBK _k954.02519 ABD _2ddc |
||